000 01254nam a2200313 i 4500
001 bg
100 1 _aWasiak, Irena.
245 1 0 _aSterowanie jakością energii elektrycznej w elektroenergetycznych sieciach rozdzielczych z wykorzystaniem półprzewodnikowych kompensatorów równoległych /
_cIrena Wasiak.
260 _aŁódź :
_bWydawnictwo Politechniki Łódzkiej,
_c2006.
300 _a152 s. :
_brys., wykr. ;
_c24 cm
490 1 _aZeszyty Naukowe / Politechnika Łódzka. Rozprawy Naukowe,
_x0137-4834 ;
_vz. 352
500 _aNumer serii gł.: 983. Na s. red. odmienny tytuł serii : Zeszyty Naukowe Politechniki Łódzkiej.
504 _aBibliogr. s. 137-148.
546 _aStreszcz. ang.
650 9 _aEnergia elektryczna
_xjakość
650 9 _aSieć elektryczna
_xregulacja
650 9 _aElektroenergetyka
_xsterowanie
830 0 _aZeszyty Naukowe - Politechnika Łódzka.
_pRozprawy Naukowe,
_x0137-4834 ;
_vz. 352
830 0 _aZeszyty Naukowe (Politechnika Łódzka) ;
_vnr 983
830 0 _aZeszyty Naukowe Politechniki Łódzkiej
022 _a01374834
040 _cBPK
041 0 _apol
_beng
044 _aPOL
080 _a621.316
942 _cKS
008 s pl f |000 0 pol
999 _c54189
_d54189
856 _uhttp://koha.tu.koszalin.pl/cgi-bin/koha/opac-detail.pl?biblionumber=54189
_yKatalog online BPK